=LDR 00000nam 2200000 4500 =001 NUTBA000000000005841 =005 20141112074225.0 =006 =007 =008 =020 ##$$a 9786028551304 =035 ##$$a 0010-111400000000320 =040 ##$$a NBPDMAT =082 ##$$a 611.71 =090 ##$$a 611.71 $b And e =100 ##$$a Andarini Trisnasari =245 ##$$a Ensiklopedi penyangga yang kukuh / $c Andarini Trisnasari =260 ##$$a Jakarta : $b Buana Cipta Pustaka, $c 2009 =300 ##$$a 59 hlm. : $b ilus. ; $c 24 cm. =500 ##$$a Indeks : hlm. 57 , Bibliografi : hlm. 59 =650 ##$$a Tulang =850 ##$$a NBPDMAT